000
00362nam a2200145Ia 4500
008
231129s1985||||xx |||||||||||||| ||spa||
020
_a
84-7634-096-6
040
_b
spa
082
_a
808.3876 B877m
100
_a
Brown Fredric
245
0
_a
Marciano vete a casa
260
_c
1985
264
_a
Orbis
942
_2
ddc
_c
BKS
999
_c
20630
_d
20630